| 000 | 00623nam a22002177a 4500 | ||
|---|---|---|---|
| 003 | UA-OsUOA | ||
| 001 | 60427 | ||
| 007 | ta | ||
| 008 | 20090518b un ||||| |||| 00| 0 ukr d | ||
| 100 | _aАбарінов О. | ||
| 090 |
_a94(477) _bА13 |
||
| 942 | _cSA | ||
| 040 |
_aUA-OsUOA _bukr _cUA-OsUOA _dUA-OsUOA |
||
| 245 | _aПерформанс із небіжчиками, або про життя після смерті/ Про В.І. Леніна | ||
| 300 | _aС.7 | ||
| 955 | _a0 | ||
| 041 | _aukr | ||
| 080 | _a94(477) | ||
| 773 | 0 | _w60426 | |
| 650 | 7 |
_a9 Географія. Біографії. Історія _2UDC |
|
| 999 |
_c347006 _d347006 |
||